Statistics for South American Countries By Population (2022)

Click here to take the quiz!

General Stats

  • This quiz has been taken 40 times
  • The average score is 13 of 13

Answer Stats

populationCountry% Correct
46,182,111Argentina
100%
216,306,791Brazil
100%
52,625,930Colombia
100%
306,981French Guiana
100%
34,276,918Peru
100%
599,346Suriname
100%
27,333,339Venezuela
100%
19,700,436Chile
97%
3,502,806Uruguay
97%
12,052,718Bolivia
94%
18,355,523Ecuador
94%
7,342,569Paraguay
94%
795,203Guyana
91%

Score Distribution

Percentile by Number Answered

Percent of People with Each Score

Your Score History

You have not taken this quiz